The molluscan fauna of the Alum Bluff group of Florida. (Record no. 27841)

MARC details
000 -LEADER
fixed length control field 00810cam a22002651 4500
001 - CONTROL NUMBER
control field gs 42000298
003 - CONTROL NUMBER IDENTIFIER
control field DLC
005 - DATE AND TIME OF LATEST TRANSACTION
control field 20260227111348.0
008 - FIXED-LENGTH DATA ELEMENTS--GENERAL INFORMATION
fixed length control field 750916m19261950dcu 000 0 eng
010 ## - LIBRARY OF CONGRESS CONTROL NUMBER
LC control number gs 42000298
035 ## - SYSTEM CONTROL NUMBER
System control number (OCoLC)1628274
040 ## - CATALOGING SOURCE
Original cataloging agency DLC
Transcribing agency F
Modifying agency OCoLC
-- DLC
042 ## - AUTHENTICATION CODE
Authentication code premarc
050 00 - LIBRARY OF CONGRESS CALL NUMBER
Classification number QE75
Item number .P9 no. 142
082 ## - DEWEY DECIMAL CLASSIFICATION NUMBER
Classification number 557.3
100 1# - MAIN ENTRY--PERSONAL NAME
Personal name Gardner, Julia Anna,
Dates associated with a name 1882-
245 14 - TITLE STATEMENT
Title The molluscan fauna of the Alum Bluff group of Florida.
260 ## - PUBLICATION, DISTRIBUTION, ETC.
Place of publication, distribution, etc. Washington,
Name of publisher, distributor, etc. U.S. Govt. Print. Off.,
Date of publication, distribution, etc. 1926-50.
300 ## - PHYSICAL DESCRIPTION
Extent 9 v. (709 p.)
Other physical details plates, fold, map.
Dimensions 29 cm.
490 0# - SERIES STATEMENT
Series statement U.S. Geological Survey. Professional paper 142.
504 ## - BIBLIOGRAPHY, ETC. NOTE
Bibliography, etc. note Bibliographical footnotes.
650 #0 - SUBJECT ADDED ENTRY--TOPICAL TERM
Topical term or geographic name entry element Mollusks, Fossil.
650 #0 - SUBJECT ADDED ENTRY--TOPICAL TERM
Topical term or geographic name entry element Paleontology
Chronological subdivision Miocene.
650 #0 - SUBJECT ADDED ENTRY--TOPICAL TERM
Topical term or geographic name entry element Paleontology
Geographic subdivision Florida.

No items available.

Powered by Koha